000 00744nam a2200241 a 4500
001 000033285
003 DO-SdBNP
005 20250509170321.0
008 110823s1907 dr 000 0 spa d
040 _aDO-SdBNP
_bspa
_cBNPHU
082 _a370
_bC422a
100 1 _aCestero, Tulio M.,
_q(Tulio Manuel),
_d1877-1955
_91698
245 1 0 _aA propósito de la educación del niño /
_cManuel F. Cestero.
260 _aSanto Domingo :
_bLa Flor del Ozama,
_c1907.
300 _a88 p. ;
_c21 cm.
500 _aIncluye índice
504 _aBibliografía : p. 86
590 _aInventariado, 2019/VM
650 0 _aEducación
_951588
650 4 _aNiñnos excepcionales
_958897
910 _aValidado. Control de calidad MFF
942 _2ddc
_cLBS1
999 _c32776
_d32776